Review of contemporary fiction

Bibliographic Details
Format: Electronic Journal
Language:English
Published: [Elmwood Park, Ill.] : [John O'Brien]
Subjects:
Online Access:Full text available from Research Library: 04/01/1994 to 10/31/2013

MARC

LEADER 00000nas a2200000 a 4500
001 ssj0002307
003 WaSeSS
005 20200512172242.0
006 m d
007 cr n
008 011017c19819999ilutx pss 0 0eng c
010 |a  2010250507 
016 7 |a 01436316X  |2 DE-101 
016 7 |a 2068178-1  |2 DE-600 
016 7 |a 002558047  |2 IsJJNL 
022 |y 0276-0045 
035 |a (WaSeSS)ssj0002307 
040 |a BUF  |b eng  |e pn  |c BUF  |d OCLCQ  |d BUF  |d OCLCQ  |d OCLCF  |d OCLCQ  |d OCL  |d WT2  |d OCLCQ  |d WYU  |d VT2  |d OCLCE  |d DEHBZ  |d AU@  |d LND  |d NTG  |d CCO  |d FIE  |d J9U  |d B3G  |d OCLCO  |d UHL  |d OCLCQ  |d OCLCA  |d LIP  |d CUS  |d OCLCQ  |d WaSeSS 
042 |a pcc  |a dlr 
050 4 |a PN1  |b .R454 
245 0 0 |a Review of contemporary fiction  |h [electronic resource]. 
260 |a [Elmwood Park, Ill.] :  |b [John O'Brien] 
310 |a 3 no. a year,  |b 1982- 
321 |a Two no. a year,  |b 1981 
362 0 |a Vol. 1, no. 1 (spring 1981)- 
506 |a License restrictions may limit access. 
538 |a Master and use copy. Digital master created according to Benchmark for Faithful Digital Reproductions of Monographs and Serials, Version 1. Digital Library Federation, December 2002.  |u http://purl.oclc.org/DLF/benchrepro0212  |5 MiAaHDL 
538 |a Mode of access: World Wide Web. 
583 1 |a digitized  |c 2010  |h HathiTrust Digital Library  |l committed to preserve  |2 pda  |5 MiAaHDL 
588 0 |a Vol. 14, issue 1 (spring, 1994); title from general information screen (viewed Sept. 19, 2001). 
588 1 |a Vol. 29, issue 2 (summer 2009) (Literature Online, viewed Feb. 8, 2010). 
648 7 |a 1900-1999  |2 fast 
648 7 |a Geschichte 1980-  |2 swd 
650 0 |a Fiction  |y 20th century  |x History and criticism  |v Periodicals. 
650 6 |a Roman  |y 20e siècle  |x Histoire et critique  |v Périodiques. 
650 7 |a Fiction.  |2 fast  |0 (OCoLC)fst00923709 
650 1 7 |a Fictie.  |2 gtt 
650 7 |a Literatur  |2 gnd 
655 0 |a Electronic journals. 
776 0 8 |i Print version:  |t Review of contemporary fiction  |x 0276-0045  |w (DLC) 82641970  |w (OCoLC)7321196 
856 4 0 |z Full text available from Research Library: 04/01/1994 to 10/31/2013  |u https://search.proquest.com/publication/17759